Fundamentals of chemical engineering thermodynamics / (Record no. 22275)
[ view plain ]
| 000 -LEADER | |
|---|---|
| fixed length control field | 00964cam a22003015a 4500 |
| 001 - CONTROL NUMBER | |
| control field | 016597016 |
| 003 - CONTROL NUMBER IDENTIFIER | |
| control field | OSt |
| 005 - DATE AND TIME OF LATEST TRANSACTION | |
| control field | 20201128023818.0 |
| 008 - FIXED-LENGTH DATA ELEMENTS--GENERAL INFORMATION | |
| fixed length control field | 131120t2015 ctua frb 001 0 eng d |
| 020 ## - INTERNATIONAL STANDARD BOOK NUMBER | |
| International Standard Book Number | 9781111580711 |
| 020 ## - INTERNATIONAL STANDARD BOOK NUMBER | |
| International Standard Book Number | 1111580715 |
| 040 ## - CATALOGING SOURCE | |
| Original cataloging agency | StDuBDS |
| Language of cataloging | eng |
| Transcribing agency | StDuBDS |
| Modifying agency | EG-ScBUE |
| 082 04 - DEWEY DECIMAL CLASSIFICATION NUMBER | |
| Classification number | 660.2969 |
| Edition number | 22 |
| Item number | DAH |
| 100 1# - MAIN ENTRY--PERSONAL NAME | |
| Personal name | Dahm, Kevin D. |
| Fuller form of name | (Kevin Douglas), |
| Dates associated with a name | 1969- |
| 9 (RLIN) | 40962 |
| 245 10 - TITLE STATEMENT | |
| Title | Fundamentals of chemical engineering thermodynamics / |
| Statement of responsibility, etc | Kevin D. Dahm, Donald P. Visco Jr, Jayant Singh. |
| 250 ## - EDITION STATEMENT | |
| Edition statement | SI ed. |
| 260 ## - PUBLICATION, DISTRIBUTION, ETC. (IMPRINT) | |
| Place of publication, distribution, etc | Stamford : |
| Name of publisher, distributor, etc | Cengage Learning, |
| Date of publication, distribution, etc | c.2015. |
| 300 ## - PHYSICAL DESCRIPTION | |
| Extent | xxi, 763 p. : |
| Other physical details | ill. ; |
| Dimensions | 26 cm. |
| 500 ## - GENERAL NOTE | |
| General note | Index : p. 753-763. |
| 504 ## - BIBLIOGRAPHY, ETC. NOTE | |
| Bibliography, etc | Includes bibliographical references. |
| 650 #7 - SUBJECT ADDED ENTRY--TOPICAL TERM | |
| Topical term or geographic name as entry element | Thermodynamics. |
| Source of heading or term | BUEsh |
| 9 (RLIN) | 1919 |
| 650 #7 - SUBJECT ADDED ENTRY--TOPICAL TERM | |
| Topical term or geographic name as entry element | Chemical engineering. |
| Source of heading or term | BUEsh |
| 9 (RLIN) | 1062 |
| 651 ## - SUBJECT ADDED ENTRY--GEOGRAPHIC NAME | |
| Source of heading or term | BUEsh |
| 653 ## - INDEX TERM--UNCONTROLLED | |
| Resource For college | Engineering, Chemical |
| Arrived date list | August 2016 |
| -- | September2016 |
| 700 1# - ADDED ENTRY--PERSONAL NAME | |
| Personal name | Visco, Donald P. |
| 700 1# - ADDED ENTRY--PERSONAL NAME | |
| Personal name | Singh, Jayant |
| 942 ## - ADDED ENTRY ELEMENTS (KOHA) | |
| Source of classification or shelving scheme | Dewey Decimal Classification |
| Withdrawn status | Item status | Source of classification or shelving scheme | Damaged status | Not for loan | Vendor | Home library | Current library | Shelving location | Date acquired | Source of acquisition | Cost, normal purchase price | Serial Enumeration / chronology | Total Checkouts | Full call number | Barcode | Date last seen | Cost, replacement price | Koha item type | Total Renewals | Date last borrowed |
|---|---|---|---|---|---|---|---|---|---|---|---|---|---|---|---|---|---|---|---|---|
| Dewey Decimal Classification | Baccah | Central Library | Central Library | First floor | 30/08/2016 | Purchase | 646.00 | 25143 | 660.2969 DAH | 000033421 | 15/07/2025 | 807.50 | Book - Borrowing | |||||||
| Dewey Decimal Classification | Baccah | Central Library | Central Library | First floor | 27/09/2016 | Purchase | 350.00 | 660.2969 DAH | 000033658 | 15/07/2025 | NB - Book (Non borrowing) | |||||||||
| Dewey Decimal Classification | Baccah | Central Library | Central Library | First floor | 27/09/2016 | Purchase | 660.2969 DAH | 000033659 | 15/07/2025 | Book - Borrowing | ||||||||||
| Dewey Decimal Classification | Baccah | Central Library | Central Library | First floor | 27/09/2016 | Purchase | 2 | 660.2969 DAH | 000033668 | 19/01/2026 | Book - Borrowing | 10 | 29/11/2025 |